[Event "Barcelona Sant Marti op 21st"]
[Site "Barcelona"]
[Date "2019.07.15"]
[Round "3"]
[White "Kshatriya, Nitin Vekhande"]
[Black "Oualili, Abdelali"]
[Result "1-0"]
[WhiteElo "1769"]
[BlackElo "1849"]
[PlyCount "49"]
[EventDate "2019.07.13"]
[EventType "swiss"]
[EventRounds "9"]
[EventCountry "ESP"]
[SourceTitle "EXT 2020"]
[Source "ChessBase"]
[SourceDate "2019.10.17"]
[SourceVersion "1"]
[SourceVersionDate "2019.10.17"]
[SourceQuality "1"]

1. e4 e5 2. Nf3 Nc6 3. Bb5 a6 4. Bxc6 dxc6 5. d4 exd4 6. Qxd4 Qxd4 7. Nxd4 c5 8. Ne2 Bd7 9. Be3 Bc6 10. Nd2 0-0-0 11. 0-0-0 f5 12. Ng3 fxe4 13. Ndxe4 Bd6 14. f3 Bxg3 15. Rxd8+ Kxd8 16. Nxg3 b6 17. Rd1+ Kc8 18. Bg5 Bd7 19. Ne4 h6 20. Bh4 g5 21. Bg3 g4 22. fxg4 Bxg4 23. Rf1 Ne7 24. Rf7 Rd8 25. Nf2 1-0

[Event "Ferreira do Alentejo op 1st"]
[Site "Ferreira do Alentejo"]
[Date "2018.09.28"]
[Round "5"]
[White "Oualili, Abdelali"]
[Black "Santos, Antonio Pereira"]
[Result "0-1"]
[WhiteElo "1868"]
[BlackElo "2155"]
[PlyCount "70"]
[EventDate "2018.09.26"]
[EventType "swiss"]
[EventRounds "9"]
[EventCountry "POR"]
[SourceTitle "CBM 186 Extra"]
[Source "ChessBase"]
[SourceDate "2018.08.24"]
[SourceVersion "1"]
[SourceVersionDate "2018.08.24"]
[SourceQuality "1"]

1. d4 Nf6 2. Bf4 d5 3. e3 c5 4. c3 Nc6 5. Bd3 Qb6 6. Qb3 c4 7. Qxb6 axb6 8. Bc2 b5 9. Nd2 b4 10. Ne2 b3 11. Bb1 b5 12. 0-0 e6 13. e4 Be7 14. Bg5 h6 15. Bxf6 Bxf6 16. exd5 exd5 17. f4 Bg4 18. Nf3 0-0 19. h3 Bxf3 20. Rxf3 Rfe8 21. Kf1 b4 22. a4 Re7 23. g3 Kf8 24. h4 Rea7 25. Bf5 g6 26. Bh3 Rxa4 27. Rxa4 Rxa4 28. Bd7 Ra1+ 29. Kf2 bxc3 30. Rxc3 Nxd4 31. Re3 Nxe2 32. Re8+ Kg7 33. Rxe2 Bxb2 34. f5 Bd4+ 35. Kg2 b2 0-1

[Event "Barcelona Sant Marti op-A 20th"]
[Site "Barcelona"]
[Date "2018.07.18"]
[Round "6"]
[White "Lorenzo Martinez, Ruben"]
[Black "Oualili, Abdelali"]
[Result "1/2-1/2"]
[WhiteElo "1846"]
[BlackElo "1887"]
[PlyCount "89"]
[EventDate "2018.07.13"]
[EventType "swiss"]
[EventRounds "9"]
[EventCountry "ESP"]
[SourceTitle "CBM 185 Extra"]
[Source "ChessBase"]
[SourceDate "2018.07.29"]
[SourceVersion "1"]
[SourceVersionDate "2018.07.29"]
[SourceQuality "1"]

1. d4 d5 2. Bf4 e6 3. e3 Bd6 4. Bg3 Nf6 5. Nf3 b6 6. Bd3 Bb7 7. Nbd2 0-0 8. Ne5 c5 9. c3 Ne4 10. Qc2 f5 11. 0-0 Nxg3 12. hxg3 Nd7 13. f4 Nf6 14. Ndf3 c4 15. Be2 Ne4 16. g4 Bxe5 17. Nxe5 fxg4 18. Bxg4 Rf6 19. Rf3 b5 20. f5 Bc8 21. fxe6 Bxe6 22. Nc6 Qe8 23. Rxf6 Nxf6 24. Bxe6+ Qxe6 25. Ne5 a5 26. a4 b4 27. b3 bxc3 28. bxc4 dxc4 29. Qxc3 Rc8 30. Rc1 Ne4 31. Qb2 c3 32. Qb7 Ng3 33. Kf2 Nf5 34. Qd7 Qa2+ 35. Kg1 Rf8 36. Rc2 Qa1+ 37. Kh2 g6 38. e4 Ne3 39. Qe6+ Kg7 40. Qe7+ Kg8 41. Nd7 Rf7 42. Qe8+ Kg7 43. Ne5 Rf1 44. Qe7+ Kg8 45. Qe8+ 1/2-1/2

[Event "Barcelona Sant Marti op-A 20th"]
[Site "Barcelona"]
[Date "2018.07.15"]
[Round "3"]
[White "Oualili, Abdelali"]
[Black "Castrillo Mansego, Pablo"]
[Result "0-1"]
[WhiteElo "1887"]
[BlackElo "2020"]
[PlyCount "72"]
[EventDate "2018.07.13"]
[EventType "swiss"]
[EventRounds "9"]
[EventCountry "ESP"]
[SourceTitle "CBM 185 Extra"]
[Source "ChessBase"]
[SourceDate "2018.07.29"]
[SourceVersion "1"]
[SourceVersionDate "2018.07.29"]
[SourceQuality "1"]

1. e4 d6 2. d4 Nf6 3. Nc3 g6 4. Be3 Bg7 5. f3 0-0 6. h4 h5 7. Qd2 e5 8. 0-0-0 exd4 9. Bxd4 Nc6 10. Be3 Be6 11. Bh6 Ne5 12. Bxg7 Kxg7 13. Nh3 a6 14. Nf4 Qe7 15. Be2 Rh8 16. Rdg1 c6 17. Qd1 b5 18. Kb1 a5 19. g4 hxg4 20. Nxe6+ Qxe6 21. f4 Nc4 22. Bd3 a4 23. Qe2 Rh5 24. Re1 Rc5 25. Qf2 Nxb2 26. Kxb2 a3+ 27. Kb1 Rxc3 28. e5 dxe5 29. fxe5 Nd5 30. Qd2 Rc5 31. h5 Nc3+ 32. Kc1 Nxa2+ 33. Kb1 Nc3+ 34. Kc1 a2 35. Kb2 a1Q+ 36. Rxa1 Ra2+ 0-1

[Event "Benidorm op U2000 11th"]
[Site "Benidorm"]
[Date "2012.12.03"]
[Round "4"]
[White "Oualili, Abdelali"]
[Black "Young, Melvyn Jack"]
[Result "0-1"]
[WhiteElo "1953"]
[BlackElo "1863"]
[PlyCount "72"]
[EventDate "2012.11.30"]
[EventType "swiss"]
[EventRounds "10"]
[EventCountry "ESP"]
[SourceTitle "EXT 2014"]
[Source "ChessBase"]
[SourceDate "2013.11.20"]
[SourceVersion "1"]
[SourceVersionDate "2013.11.20"]
[SourceQuality "1"]

1. e4 c5 2. Nf3 d6 3. d4 cxd4 4. Nxd4 Nf6 5. Nc3 a6 6. Be2 e5 7. Nb3 Be7 8. Bg5 0-0 9. Bxf6 Bxf6 10. Nd5 Bg5 11. Qd3 Be6 12. Ne3 Nc6 13. c3 Qc7 14. h4 Bh6 15. g4 Bf4 16. Ng2 Rad8 17. Nxf4 exf4 18. Nd4 Ne5 19. Qd2 Qb6 20. f3 Bc4 21. b3 Bxe2 22. Qxe2 d5 23. exd5 Rfe8 24. 0-0-0 Nxg4 25. Qd2 Ne3 26. Rdg1 Rxd5 27. Rg5 h6 28. Rxd5 Nxd5 29. Nf5 Ne3 30. Qd6 Qxd6 31. Nxd6 Re7 32. c4 b6 33. Kb2 Rd7 34. Nc8 Rb7 35. Kc3 Kf8 36. Rh2 Rd7 0-1

[Event "Benidorm op U2000 11th"]
[Site "Benidorm"]
[Date "2012.12.02"]
[Round "3"]
[White "Blondel, Jerome"]
[Black "Oualili, Abdelali"]
[Result "1/2-1/2"]
[WhiteElo "1872"]
[BlackElo "1953"]
[PlyCount "82"]
[EventDate "2012.11.30"]
[EventType "swiss"]
[EventRounds "10"]
[EventCountry "ESP"]
[SourceTitle "EXT 2014"]
[Source "ChessBase"]
[SourceDate "2013.11.20"]
[SourceVersion "1"]
[SourceVersionDate "2013.11.20"]
[SourceQuality "1"]

1. Nf3 d5 2. d4 Nf6 3. Bf4 e6 4. e3 Bd6 5. Ne5 0-0 6. Bd3 c5 7. c3 c4 8. Bc2 b5 9. b3 Bb7 10. Qf3 Qc7 11. a4 a6 12. axb5 axb5 13. Rxa8 Bxa8 14. bxc4 bxc4 15. 0-0 Ne4 16. Bxe4 dxe4 17. Qe2 Bd5 18. Nd2 Bxe5 19. Bxe5 Qc6 20. f3 f5 21. fxe4 Bxe4 22. Nxe4 Qxe4 23. Qf3 Nd7 24. Qxe4 fxe4 25. Rb1 Nxe5 26. dxe5 Rf5 27. Rb4 Rxe5 28. Rxc4 Kf7 29. Kf2 Kf6 30. g4 h5 31. h3 hxg4 32. hxg4 Kg5 33. Kg3 g6 34. Rb4 Kf6 35. Kh4 Rc5 36. Rxe4 Rxc3 37. g5+ Kf5 38. Rf4+ Ke5 39. Rf6 Rxe3 40. Rxg6 Re1 41. Rf6 Rh1+ 1/2-1/2

[Event "Benidorm op U2000 11th"]
[Site "Benidorm"]
[Date "2012.12.01"]
[Round "2"]
[White "Oualili, Abdelali"]
[Black "Chesa Chavarria, Aurelio"]
[Result "1-0"]
[WhiteElo "1953"]
[BlackElo "1830"]
[PlyCount "65"]
[EventDate "2012.11.30"]
[EventType "swiss"]
[EventRounds "10"]
[EventCountry "ESP"]
[SourceTitle "EXT 2014"]
[Source "ChessBase"]
[SourceDate "2013.11.20"]
[SourceVersion "1"]
[SourceVersionDate "2013.11.20"]
[SourceQuality "1"]

1. e4 c5 2. Nf3 d6 3. Bc4 Nf6 4. d3 e6 5. a3 Be7 6. 0-0 0-0 7. Re1 Nc6 8. c3 d5 9. exd5 exd5 10. Ba2 h6 11. Nbd2 Bf5 12. Nf1 Qc7 13. Ne3 Be6 14. Bd2 a5 15. a4 Rfe8 16. d4 c4 17. Bb1 Bd6 18. Bf5 Bxf5 19. Nxf5 Rxe1+ 20. Qxe1 Re8 21. Qc1 Ng4 22. h3 Bh2+ 23. Kf1 Nxf2 24. Kxf2 Re6 25. Nxh2 Qxh2 26. Qg1 Qb8 27. g4 Rf6 28. Kg2 Rg6 29. Nh4 Re6 30. Re1 Qe8 31. Qf2 Nd8 32. Nf5 Re4 33. Nd6 1-0

[Event "Benidorm op U2200 10th"]
[Site "Benidorm"]
[Date "2011.12.08"]
[Round "8"]
[White "Oualili, Abdelali"]
[Black "Haddad Filho, Paulo Ibrahim"]
[Result "1/2-1/2"]
[WhiteElo "1894"]
[BlackElo "1972"]
[PlyCount "67"]
[EventDate "2011.12.02"]
[EventType "swiss"]
[EventRounds "10"]
[EventCountry "ESP"]
[SourceTitle "CBM 145 Extra"]
[Source "ChessBase"]
[SourceDate "2012.01.03"]
[SourceVersion "1"]
[SourceVersionDate "2012.01.03"]
[SourceQuality "1"]

1. Nf3 Nf6 2. g3 g6 3. Bg2 Bg7 4. c4 c5 5. Nc3 Nc6 6. d4 cxd4 7. Nxd4 0-0 8. Nxc6 dxc6 9. Qc2 Bf5 10. e4 Be6 11. b3 Qb6 12. Bb2 Rfd8 13. 0-0 h5 14. h3 Bh6 15. Rad1 Qa5 16. Rxd8+ Rxd8 17. Rd1 Bg7 18. Rxd8+ Qxd8 19. Ne2 Qa5 20. Bc3 Qd8 21. Nf4 Bc8 22. e5 Bf5 23. Qe2 Ne8 24. Bf1 Nc7 25. g4 hxg4 26. hxg4 Bc8 27. Qf3 Qd7 28. Be2 Ne6 29. Nxe6 Qxe6 30. Qe3 b6 31. Bf3 Bd7 32. Kf1 Kh7 33. Bd2 c5 34. Bc3 1/2-1/2